Detalles MARC
| 000 -LIDER |
| fixed length control field |
01099nam a2200289 a 4500 |
| 001 - NÚMERO DE CONTROL |
| Identificador de número de control |
|
| 003 - IDENTIFICACDOR DE NÚMERO DE CONTROL |
| control field |
DO-SdBNP |
| 005 - DATE AND TIME OF LATEST TRANSACTION |
| control field |
20210913134504.0 |
| 008 - ELEMENTOS DE LONGITUD FIJA |
| fixed length control field |
180502s2016 dr r 000 0 spa d |
| 020 ## - ISBN |
| International Standard Book Number |
9789945900989 |
| 040 ## - FUENTE DE CATALOGACIÓN |
| Agencia que crea de manera original el registro |
DO-SdBNP |
| Idioma de catalogación |
spa |
| Agencia que realiza la transcripción |
BPMSU |
| 082 ## - NÚMERO DE CLASIFICACIÓN DECIMAL DE DEWEY |
| Classification number |
342.7293 |
| Item number |
G533d 2016 |
| Edition number |
22 |
| 100 1# - ASIENTO PRINCIPAL -- NOMBRE PERSONAL |
| Nombre personal |
Gómez Bergés, Víctor |
| 245 10 - MENCIÓN DE TITULO |
| Título |
Derechos económicos, sociales y culturales en la constitución 2010 / |
| Mención de responsabilidad |
Víctor Gómez Bergés. |
| Subtítulo |
|
| 260 ## - PUBLICACIÓN, DISTRIBUCIÓN, ETC. (PIE DE IMPRENTA) |
| Lugar de publicación, distribución, etc |
Santo Domingo : |
| Nombre del editor, distribuidor, etc. |
Tribunal Constitucional de la República Dominicana, |
| Fecha de publicación, distribución, etc |
2016. |
| 300 ## - DESCRIPCIÓN FÍSICA |
| Extensión |
235 p. ; |
| Dimensiones |
24 cm. |
| 500 ## - NOTA GENERAL |
| Nota general |
Incluye datos biográficos del autor en las solapas. |
| 500 ## - NOTA GENERAL |
| Nota general |
Incluye referencias bibliográficas y notas al pie de las páginas. |
| 504 ## - NOTA DE BIBLIOGRAFÍA, ETC. |
| Bibliography, etc |
Bibliografía: p. 123-128. |
| 590 ## - NOTA LOCAL |
| Texto de la nota local |
Inventariado,2018/DG |
| 610 #4 - ENCABEZAMIENTO DE MATERIA--NOMBRE CORPORATIVO |
| Nombre corporativo o de jurisdicción |
República Dominicana. |
| Unidad subordinada |
Constitución, 2010. |
| 650 #4 - ENCABEZAMIENTO DE MATERIA--TEMÁTICO |
| Término temático o nombre geográfico como elemento de entrada |
Derechos económicos sociales. |
| 650 #4 - ENCABEZAMIENTO DE MATERIA--TEMÁTICO |
| Término temático o nombre geográfico como elemento de entrada |
Derechos humanos |
| Subdivisión geográfica |
República Dominicana. |
| 651 #4 - ENCABEZAMIENTO DE MATERIA--NOMBRE GEOGRÁFICO |
| Nombre geográfico |
República Dominicana. |
| Subdivisión temática general |
Derecho constitucional |
| 910 ## - VALIDACIÓN |
| Validación |
VMateo V. |
| 942 ## - ADDED ENTRY ELEMENTS (KOHA) |
| Source of classification or shelving scheme |
Dewey Decimal Classification |
| Koha item type |
Libros |